000 00654nam a2200205 i 4500
001 98037
003 ES-MaACL
005 20230906182214.0
007 t|
008 050721s1971 sp ||||1| spa d
100 1 _aMarkell, Jeff.
_976913
245 1 0 _aCómo instalar sistemas de alta fidelidad /
_cJeff Markell y Jay Stanton; traducido por Fernando Saccone Ramos.
260 _aMadrid :
_bParaninfo,
_c1971.
300 _a244 p. con 2 lám. :
_bil. ;
_c21 cm.
650 4 _aAlta fidelidad.
_9165395
700 1 _aStanton, Jay.
_9107912
700 1 _aSaccone Ramos, Fernando.
_9204142
852 _aES-MaACL
_jC-47802
_bR.78673
999 _c98037
_d98037